000 00591nam a2200193Ia 4500
003 GCL
008 140319s9999 xx 000 0 ara d
040 _aGCL /
_cGCL
082 0 4 _a813.03
_bص ب
100 1 _aصنع الله ابراهيم
245 1 0 _aبيروت بيروت (رواية) /
_cصنع الله ابراهيم
260 _a[S.N] :
_bدار المسيرة للنشر والتوزيع والطباعة ،
_c1988
300 _a266 ص
490 _a
650 0 4 _aالادب العربى
650 0 4 _aالقصص العربية
650 0 4 _aلبنان
942 _2ddc
_cBK
999 _c54296
_d54296